[Event "Stare Mesto op-B"]
[Site "Stare Mesto"]
[Date "2023.08.09"]
[Round "5"]
[White "Tomanek, Rafael"]
[Black "Stary, Simon"]
[Result "1-0"]
[WhiteElo "1814"]
[BlackElo "1570"]
[PlyCount "55"]
[EventDate "2023.08.05"]
[EventType "swiss"]
[EventRounds "9"]
[EventCountry "CZE"]
[SourceTitle "EXT 2024"]
[Source "ChessBase"]
[SourceDate "2023.10.10"]
[SourceVersion "1"]
[SourceVersionDate "2023.10.10"]
[SourceQuality "1"]

1. d4 Nf6 2. Nf3 g6 3. c4 Bg7 4. Nc3 0-0 5. e4 d6 6. Be2 e5 7. 0-0 Nc6 8. d5 Ne7 9. b4 Ne8 10. Re1 f5 11. Ng5 f4 12. c5 h6 13. Ne6 Bxe6 14. dxe6 dxc5 15. bxc5 Qd4 16. Qb3 a5 17. Ba3 a4 18. Qc2 Qd8 19. Red1 Qc8 20. Bc4 Nf6 21. c6 Re8 22. Rd7 Nxc6 23. Nb5 Nd4 24. Nxd4 exd4 25. Rxd4 Nh5 26. e5 Bxe5 27. Qxg6+ Ng7 28. e7+ 1-0

[Event "Stare Mesto op-B"]
[Site "Stare Mesto"]
[Date "2023.08.07"]
[Round "3"]
[White "Tomanek, Rafael"]
[Black "Ludvicek, Josef"]
[Result "1-0"]
[WhiteElo "1814"]
[BlackElo "1714"]
[PlyCount "85"]
[EventDate "2023.08.05"]
[EventType "swiss"]
[EventRounds "9"]
[EventCountry "CZE"]
[SourceTitle "EXT 2024"]
[Source "ChessBase"]
[SourceDate "2023.10.10"]
[SourceVersion "1"]
[SourceVersionDate "2023.10.10"]
[SourceQuality "1"]

1. d4 d5 2. Nf3 Nf6 3. c4 c6 4. Nc3 dxc4 5. a4 Nd5 6. e4 Nxc3 7. bxc3 b5 8. Be2 e6 9. 0-0 Bb7 10. Rb1 Ba6 11. d5 exd5 12. exd5 cxd5 13. axb5 Bc8 14. Qd4 Be6 15. Ng5 Qb6 16. Nxe6 fxe6 17. Bh5+ Kd7 18. Qf4 Qd6 19. Qf3 Qe7 20. Re1 Qf6 21. Qh3 Bc5 22. Be3 Bxe3 23. Rxe3 Qf5 24. Qxf5 exf5 25. Bf3 Kd6 26. Rd1 Nd7 27. Rxd5+ Kc7 28. Rxf5 Raf8 29. Rxf8 Rxf8 30. Re7 Kd6 31. Rxg7 Rb8 32. Bc6 Ne5 33. Rb7 Nxc6 34. bxc6 Re8 35. Kf1 Kxc6 36. Rxa7 Rb8 37. Re7 Kb5 38. f4 Ka6 39. f5 Kb6 40. Re3 Kc6 41. f6 Rf8 42. Rf3 Rf7 43. Ke2 1-0

[Event "Stare Mesto op-B"]
[Site "Stare Mesto"]
[Date "2023.08.06"]
[Round "2"]
[White "Josko, Jiri"]
[Black "Tomanek, Rafael"]
[Result "0-1"]
[WhiteElo "1546"]
[BlackElo "1814"]
[PlyCount "48"]
[EventDate "2023.08.05"]
[EventType "swiss"]
[EventRounds "9"]
[EventCountry "CZE"]
[SourceTitle "EXT 2024"]
[Source "ChessBase"]
[SourceDate "2023.10.10"]
[SourceVersion "1"]
[SourceVersionDate "2023.10.10"]
[SourceQuality "1"]

1. d4 Nf6 2. Bf4 e6 3. e3 c5 4. c3 Qb6 5. Qc2 d5 6. Nd2 Nc6 7. Ngf3 Bd7 8. Be2 Rc8 9. Qb3 Nh5 10. 0-0 Nxf4 11. exf4 cxd4 12. Qxb6 axb6 13. cxd4 Bd6 14. g3 0-0 15. Bb5 Rc7 16. Rfc1 Rfc8 17. Nb3 Kf8 18. a3 Be8 19. Rc3 Na5 20. Rxc7 Rxc7 21. Nxa5 Bxb5 22. Nb3 Rc2 23. Rc1 Rxb2 24. Rc8+ Ke7 0-1

[Event "Olomouc Seniors op"]
[Site "Olomouc"]
[Date "2022.08.14"]
[Round "2"]
[White "Vales, Vaclav"]
[Black "Tomanek, Rafael"]
[Result "1-0"]
[WhiteElo "2036"]
[BlackElo "1828"]
[PlyCount "67"]
[EventDate "2022.08.13"]
[EventType "swiss"]
[EventRounds "9"]
[EventCountry "CZE"]
[SourceTitle "CBM 209 Extra"]
[Source "ChessBase"]
[SourceDate "2022.09.30"]
[SourceVersion "1"]
[SourceVersionDate "2022.09.30"]
[SourceQuality "1"]

1. d4 Nf6 2. Nf3 e6 3. c4 b6 4. a3 Be7 5. Nc3 d5 6. cxd5 Nxd5 7. e4 Nxc3 8. bxc3 0-0 9. Bd3 c5 10. 0-0 Bb7 11. Bb2 Qc7 12. Qe2 Nd7 13. Nd2 Rfe8 14. f4 g6 15. e5 Rad8 16. Rae1 Bf8 17. Ne4 Be7 18. Ng5 Nf8 19. Nf3 Rc8 20. g4 c4 21. Bb1 f5 22. exf6 Bxf6 23. g5 Bg7 24. Ne5 Bxe5 25. Qxe5 Qxe5 26. Rxe5 Nd7 27. Re2 b5 28. Kf2 Kf7 29. h4 Nb6 30. Kg3 h5 31. gxh6 Rh8 32. h5 Rxh6 33. Bxg6+ Kf6 34. f5 1-0

[Event "Tatry op"]
[Site "Tatranske Zruby"]
[Date "2020.09.27"]
[Round "2"]
[White "Tomanek, Rafael"]
[Black "Motuz, Karol"]
[Result "0-1"]
[WhiteElo "1809"]
[BlackElo "2348"]
[PlyCount "34"]
[EventDate "2020.09.26"]
[EventType "swiss"]
[EventRounds "9"]
[EventCountry "SVK"]
[SourceTitle "CBM 198 Extra"]
[Source "ChessBase"]
[SourceDate "2020.11.30"]
[SourceVersion "1"]
[SourceVersionDate "2020.11.30"]
[SourceQuality "1"]

1. d4 g6 2. Nf3 Bg7 3. c4 Nf6 4. Nc3 0-0 5. e4 d6 6. Be2 c6 7. 0-0 Qc7 8. h3 e5 9. Be3 Nbd7 10. Rc1 Re8 11. d5 c5 12. Qd2 a6 13. a3 Rb8 14. Bd3 Nh5 15. g3 Nf8 16. Kh2 f5 17. Ng1 f4 0-1

[Event "Drienica Saris op"]
[Site "Drienica"]
[Date "2020.08.13"]
[Round "7"]
[White "Stevik, Patrik1111"]
[Black "Tomanek, Rafael"]
[Result "1-0"]
[WhiteElo "2076"]
[BlackElo "1835"]
[PlyCount "105"]
[EventDate "2020.08.07"]
[EventType "swiss"]
[EventRounds "9"]
[EventCountry "SVK"]
[SourceTitle "CBM 197 Extra"]
[Source "ChessBase"]
[SourceDate "2020.09.30"]
[SourceVersion "1"]
[SourceVersionDate "2020.09.30"]
[SourceQuality "1"]

1. b3 d5 2. Bb2 Nf6 3. e3 Bf5 4. f4 e6 5. Nf3 Be7 6. Be2 Nbd7 7. 0-0 0-0 8. Ne5 Nxe5 9. fxe5 Nd7 10. Bf3 c6 11. d4 Qb6 12. Qe2 a5 13. c4 Qa6 14. Nc3 Nb6 15. e4 Bg6 16. cxd5 Qxe2 17. Bxe2 cxd5 18. exd5 Nxd5 19. Nxd5 exd5 20. Bf3 Be4 21. Bxe4 dxe4 22. Rae1 f5 23. exf6 Bxf6 24. Rxe4 a4 25. Rf3 axb3 26. Rxb3 Rxa2 27. Rxb7 Rd8 28. Kf1 Rxb2 29. Rxb2 Bxd4 30. Rbe2 h6 31. Re8+ Rxe8 32. Rxe8+ Kf7 33. Rb8 Kg6 34. Ke2 Kh7 35. Kf3 Be5 36. Rb1 Bc3 37. Ke4 Bf6 38. Kf5 Bc3 39. Rb6 Bd4 40. Rc6 Bb2 41. g4 Bd4 42. h4 Bb2 43. g5 hxg5 44. hxg5 g6+ 45. Rxg6 Bc3 46. Rh6+ Kg7 47. Rc6 Bd4 48. Rc7+ Kf8 49. Kg6 Be5 50. Rf7+ Kg8 51. Re7 Bd6 52. Re8+ Bf8 53. Rd8 1-0

[Event "Drienica Saris op"]
[Site "Drienica"]
[Date "2020.08.08"]
[Round "2"]
[White "Tomanek, Rafael"]
[Black "Kapolkova, Greta"]
[Result "1/2-1/2"]
[WhiteElo "1835"]
[BlackElo "1545"]
[PlyCount "103"]
[EventDate "2020.08.07"]
[EventType "swiss"]
[EventRounds "9"]
[EventCountry "SVK"]
[SourceTitle "CBM 197 Extra"]
[Source "ChessBase"]
[SourceDate "2020.09.30"]
[SourceVersion "1"]
[SourceVersionDate "2020.09.30"]
[SourceQuality "1"]

1. d4 d5 2. Nf3 Nf6 3. c4 e6 4. Nc3 Be7 5. Bg5 0-0 6. e3 Nbd7 7. Bd3 h6 8. Bh4 b6 9. cxd5 Nxd5 10. Bxe7 Qxe7 11. Nxd5 exd5 12. 0-0 c5 13. dxc5 bxc5 14. Rc1 Rb8 15. b3 Bb7 16. Qe2 Qd6 17. Rfe1 Rfe8 18. Qd2 a6 19. Bf5 Rbc8 20. Rc3 Rc7 21. Rec1 Rd8 22. a3 Nf6 23. b4 c4 24. Nd4 g6 25. Bb1 Ng4 26. g3 Ne5 27. f4 Nc6 28. Rf1 f5 29. Nxc6 Bxc6 30. Qd4 Kf7 31. Rf2 Qf6 32. Rd2 Qxd4 33. Rxd4 Re8 34. Kf2 Rd7 35. Bc2 Kf6 36. h3 h5 37. Kf3 Rh8 38. h4 Rb8 39. Kf2 Kf7 40. Bd1 Rbd8 41. Bf3 Kf6 42. Ke1 Ke7 43. Kd2 Ke6 44. Rc1 Ba4 45. Kc3 Rc8 46. Rb1 Rb8 47. Rb2 Rc8 48. Rbd2 Rcd8 49. Bg2 Rd6 50. Bf1 Bb5 51. Be2 Ba4 52. Bf3 1/2-1/2

[Event "SVK-ch op"]
[Site "Ruzomberok"]
[Date "2019.07.06"]
[Round "8"]
[White "Tomanek, Rafael"]
[Black "Zentko, Ladislav"]
[Result "1/2-1/2"]
[WhiteElo "1880"]
[BlackElo "1732"]
[PlyCount "47"]
[EventDate "2019.06.29"]
[EventType "swiss"]
[EventRounds "9"]
[EventCountry "SVK"]
[SourceTitle "CBM 191 Extra"]
[Source "ChessBase"]
[SourceDate "2019.09.30"]
[SourceVersion "1"]
[SourceVersionDate "2019.09.30"]
[SourceQuality "1"]

1. d4 Nf6 2. Nf3 d5 3. c4 e6 4. Nc3 c6 5. Bg5 Be7 6. e3 Nbd7 7. cxd5 exd5 8. Bd3 Ne4 9. Bxe7 Qxe7 10. Qc2 Nxc3 11. bxc3 Nf6 12. 0-0 0-0 13. Ne5 Be6 14. Rab1 Rfc8 15. Qe2 Rc7 16. c4 dxc4 17. Bxc4 Bxc4 18. Qxc4 Nd7 19. Nxd7 Rxd7 20. Rb2 Qe4 21. Rfb1 b6 22. Rc1 Rd6 23. g3 h5 24. Qc2 1/2-1/2

[Event "SVK-ch op"]
[Site "Ruzomberok"]
[Date "2019.07.04"]
[Round "6"]
[White "Tomanek, Rafael"]
[Black "Horbal, Jozef"]
[Result "1/2-1/2"]
[WhiteElo "1880"]
[BlackElo "1660"]
[PlyCount "72"]
[EventDate "2019.06.29"]
[EventType "swiss"]
[EventRounds "9"]
[EventCountry "SVK"]
[SourceTitle "CBM 191 Extra"]
[Source "ChessBase"]
[SourceDate "2019.09.30"]
[SourceVersion "1"]
[SourceVersionDate "2019.09.30"]
[SourceQuality "1"]

1. d4 Nf6 2. Nf3 g6 3. c4 d6 4. Nc3 Bg7 5. e4 0-0 6. Be2 e5 7. dxe5 dxe5 8. Qxd8 Rxd8 9. Bg5 Re8 10. Nd5 Nxd5 11. cxd5 c6 12. Bc4 cxd5 13. Bxd5 Na6 14. 0-0 Nc7 15. Bb3 Be6 16. Rfd1 Bxb3 17. axb3 a6 18. Rd7 Rac8 19. Be3 Red8 20. Rad1 Ne6 21. Kf1 Rxd7 22. Rxd7 Rc7 23. Rxc7 Nxc7 24. Ke2 Ne6 25. g3 Kf8 26. Kd3 Ke7 27. Kc4 Kd6 28. Ng5 Nxg5 29. Bxg5 Bf8 30. g4 Ke6 31. f3 b5+ 32. Kd3 Bc5 33. Bd2 Bd4 34. Kc2 Kd6 35. b4 Ke6 36. h3 Bb6 1/2-1/2

[Event "SVK-ch op"]
[Site "Ruzomberok"]
[Date "2019.06.30"]
[Round "2"]
[White "Taragel, Marian"]
[Black "Tomanek, Rafael"]
[Result "1-0"]
[WhiteElo "1636"]
[BlackElo "1880"]
[PlyCount "67"]
[EventDate "2019.06.29"]
[EventType "swiss"]
[EventRounds "9"]
[EventCountry "SVK"]
[SourceTitle "CBM 191 Extra"]
[Source "ChessBase"]
[SourceDate "2019.09.30"]
[SourceVersion "1"]
[SourceVersionDate "2019.09.30"]
[SourceQuality "1"]

1. e4 c6 2. d4 d5 3. exd5 cxd5 4. c4 Nf6 5. Nc3 e6 6. Nf3 Bb4 7. cxd5 Nxd5 8. Bd2 0-0 9. Bd3 Nd7 10. 0-0 N7f6 11. Qc2 Bxc3 12. bxc3 b6 13. Ng5 g6 14. c4 Ne7 15. Bc3 Nf5 16. Qb2 Bb7 17. Rfe1 h6 18. Bxf5 gxf5 19. d5 Nxd5 20. cxd5 Qxg5 21. Bf6 Qg6 22. f4 Kh7 23. dxe6 fxe6 24. Rxe6 Rf7 25. Rae1 Be4 26. Re3 Qh5 27. Rg3 Qd1+ 28. Kf2 Rc8 29. Bc3 Rd7 30. Rxh6+ Kxh6 31. Bg7+ Kh5 32. Rh3+ Kg4 33. Rh4+ Kxh4 34. Qf6+ 1-0

[Event "SVK-ch 50"]
[Site "Tatranske Matliare"]
[Date "2019.05.28"]
[Round "5"]
[White "Danek, Pavol"]
[Black "Tomanek, Rafael"]
[Result "1/2-1/2"]
[WhiteElo "2220"]
[BlackElo "1880"]
[PlyCount "104"]
[EventDate "2019.05.25"]
[EventType "swiss"]
[EventRounds "9"]
[EventCountry "SVK"]
[SourceTitle "CBM 190 Extra"]
[Source "ChessBase"]
[SourceDate "2019.07.15"]
[SourceVersion "1"]
[SourceVersionDate "2019.07.15"]
[SourceQuality "1"]

1. d4 d5 2. Nf3 Nf6 3. c4 e6 4. Nc3 Be7 5. Bf4 c5 6. dxc5 Bxc5 7. e3 0-0 8. a3 a5 9. Rc1 b6 10. cxd5 Nxd5 11. Nxd5 exd5 12. Be2 Bb7 13. 0-0 Nc6 14. Bb5 Rc8 15. Bg5 Ne7 16. Nd4 Qd6 17. Bd3 Ng6 18. Qh5 Bxd4 19. exd4 h6 20. Bh4 Nxh4 21. Qxh4 Rfe8 22. h3 Qf6 23. Qxf6 gxf6 24. Kh2 Rxc1 25. Rxc1 Rc8 26. Re1 Kf8 27. Kg3 Rc6 28. Bb5 Rc2 29. Re2 Rxe2 30. Bxe2 Bc8 31. Bb5 Be6 32. Kh4 Kg7 33. Bc6 Kg6 34. g4 f5 35. f4 fxg4 36. hxg4 f5 37. g5 hxg5+ 38. fxg5 f4 39. Be8+ Kf5 40. g6 Kf6 41. Bf7 Bf5 42. Bxd5 Kxg6 43. Bf3 Kf6 44. Kh5 Bd7 45. Bg4 Bc6 46. Kh4 Be4 47. Bc8 Bf5 48. Bb7 Bd7 49. Be4 Bf5 50. Bf3 Bd7 51. Kh5 Bf5 52. Kh4 Bd7 1/2-1/2

[Event "Banska Stiavnica V4 op"]
[Site "Banska Stiavnica"]
[Date "2018.07.14"]
[Round "8"]
[White "Tomanek, Rafael"]
[Black "Lukac, Roman"]
[Result "0-1"]
[WhiteElo "1939"]
[BlackElo "2089"]
[PlyCount "96"]
[EventDate "2018.07.07"]
[EventType "swiss"]
[EventRounds "9"]
[EventCountry "SVK"]
[SourceTitle "CBM 185 Extra"]
[Source "ChessBase"]
[SourceDate "2018.07.29"]
[SourceVersion "1"]
[SourceVersionDate "2018.07.29"]
[SourceQuality "1"]

1. d4 Nf6 2. Nf3 g6 3. c4 Bg7 4. Nc3 0-0 5. e4 d6 6. h3 e5 7. d5 a5 8. Bg5 h6 9. Be3 Na6 10. Be2 Nc5 11. Nd2 Bd7 12. b3 Ne8 13. a3 f5 14. f3 Nf6 15. b4 Na6 16. Rb1 axb4 17. axb4 Nh5 18. c5 Bf6 19. Nc4 Bh4+ 20. Kf1 Ng3+ 21. Kg1 Bg5 22. Bf2 Nxh1 23. Kxh1 Be7 24. Qg1 Rf6 25. Bh4 Rf7 26. Bf2 Qf8 27. b5 Nb8 28. c6 Bc8 29. Ra1 Rxa1 30. Qxa1 bxc6 31. dxc6 Be6 32. Nd5 Qc8 33. Bg1 Bh4 34. Nb2 fxe4 35. fxe4 Kg7 36. Nd3 Bg3 37. Bh2 Bxh2 38. Kxh2 h5 39. Qe1 Qd8 40. Qg3 h4 41. Qe3 Kh7 42. Nf2 Qf8 43. Ng4 Bxd5 44. exd5 Rf4 45. Qa7 Rb4 46. Qxc7+ Kh8 47. Qa7 Qf4+ 48. Kg1 Rb1+ 0-1

[Event "SVK-chT2A 1718"]
[Site "Slovakia"]
[Date "2017.11.26"]
[Round "4.7"]
[White "Tomanek, Rafael"]
[Black "Kalmar, Tamas"]
[Result "0-1"]
[WhiteElo "1960"]
[BlackElo "2098"]
[PlyCount "110"]
[EventDate "2017.10.28"]
[EventType "team-tourn"]
[EventRounds "11"]
[EventCountry "SVK"]
[SourceTitle "EXT 2019"]
[Source "ChessBase"]
[SourceDate "2018.10.10"]
[SourceVersion "1"]
[SourceVersionDate "2018.10.10"]
[SourceQuality "1"]
[WhiteTeam "Bratislava Doprastav II"]
[BlackTeam "Potonska Veza"]
[WhiteTeamCountry "SVK"]
[BlackTeamCountry "SVK"]

1. d4 Nf6 2. Nf3 d5 3. c4 e6 4. Nc3 c6 5. cxd5 exd5 6. Bg5 Nbd7 7. e3 Qa5 8. Bd3 Ne4 9. Qc2 Nxg5 10. Nxg5 h6 11. Nf3 Bd6 12. 0-0 0-0 13. e4 dxe4 14. Nxe4 Be7 15. a3 Nf6 16. Ng3 Rd8 17. Rfe1 Be6 18. Re5 Qc7 19. Nf5 Bf8 20. N3h4 Bxf5 21. Nxf5 g6 22. Nh4 Rxd4 23. Nf3 Rd5 24. Rae1 Rxe5 25. Nxe5 Re8 26. Nf3 Rxe1+ 27. Nxe1 Nd5 28. g3 Bg7 29. Bc4 Qe5 30. Nd3 Qd4 31. Bxd5 Qxd5 32. h4 h5 33. Nf4 Qd4 34. Nd3 Bf6 35. a4 Kg7 36. Kf1 Qe4 37. b3 a6 38. Kg1 Bd4 39. Qd1 c5 40. Nf4 b5 41. axb5 axb5 42. Nd3 Qg4 43. Qxg4 hxg4 44. Kf1 Kf6 45. Ke2 Kf5 46. Ne1 Ke4 47. Nc2 Kd5 48. Na3 c4 49. bxc4+ bxc4 50. Nc2 f5 51. f3 Bc5 52. Ne1 Kd4 53. fxg4 fxg4 54. Ng2 Bd6 55. Kf2 Kd3 0-1

[Event "SVK-ch Seniors 50"]
[Site "Tatranske Matliare"]
[Date "2017.06.03"]
[Round "9"]
[White "Tomanek, Rafael"]
[Black "Profant, Jan"]
[Result "1-0"]
[WhiteElo "1976"]
[BlackElo "1862"]
[PlyCount "69"]
[EventDate "2017.05.27"]
[EventType "swiss"]
[EventRounds "9"]
[EventCountry "SVK"]
[SourceTitle "EXT 2023"]
[Source "ChessBase"]
[SourceDate "2022.10.05"]
[SourceVersion "1"]
[SourceVersionDate "2022.10.05"]
[SourceQuality "1"]

1. d4 Nf6 2. Nf3 c5 3. d5 e6 4. c4 exd5 5. cxd5 d6 6. Nc3 a6 7. a4 g6 8. e4 Bg7 9. Bd3 Bg4 10. h3 Bxf3 11. Qxf3 Nbd7 12. Bf4 Qe7 13. 0-0 Nh5 14. Bh2 Ne5 15. Qe2 Nxd3 16. Qxd3 Be5 17. f4 Bd4+ 18. Kh1 0-0 19. Rae1 Rae8 20. e5 f5 21. g4 Nxf4 22. Bxf4 dxe5 23. Bg3 Qd7 24. gxf5 gxf5 25. Bf2 Rf6 26. Rg1+ Rg6 27. Rxg6+ hxg6 28. Qg3 Qf7 29. Rg1 Kg7 30. Kh2 Rd8 31. Bxd4 exd4 32. Ne2 Rxd5 33. Nf4 Rd8 34. Nxg6 Qd5 35. Ne7+ 1-0

[Event "SVK-ch Seniors 50"]
[Site "Tatranske Matliare"]
[Date "2017.05.29"]
[Round "4"]
[White "Kopnicky, Frantisek"]
[Black "Tomanek, Rafael"]
[Result "1-0"]
[WhiteElo "1844"]
[BlackElo "1976"]
[PlyCount "91"]
[EventDate "2017.05.27"]
[EventType "swiss"]
[EventRounds "9"]
[EventCountry "SVK"]
[SourceTitle "EXT 2023"]
[Source "ChessBase"]
[SourceDate "2022.10.05"]
[SourceVersion "1"]
[SourceVersionDate "2022.10.05"]
[SourceQuality "1"]

1. b3 d5 2. Bb2 Nf6 3. e3 c5 4. Nf3 Nc6 5. d4 e6 6. Be2 b6 7. 0-0 Bb7 8. c4 Be7 9. Nc3 0-0 10. dxc5 bxc5 11. cxd5 exd5 12. Rc1 Rc8 13. Na4 Nb4 14. Bxf6 gxf6 15. a3 Na6 16. Nh4 Kh8 17. Bd3 c4 18. Bf5 Rg8 19. b4 Nc7 20. f4 Nb5 21. Qh5 Rg7 22. Rfd1 a5 23. Bxc8 Bxc8 24. Rxd5 Nd6 25. Nc5 Bg4 26. Qh6 axb4 27. axb4 Qa8 28. Rd2 Qa3 29. Rcc2 Qxe3+ 30. Kf1 Nf5 31. Nxf5 Bxf5 32. Ra2 Bd3+ 33. Nxd3 cxd3 34. Qh3 Qxf4+ 35. Qf3 Qxh2 36. Ra8+ Rg8 37. Rxg8+ Kxg8 38. Qg4+ Kf8 39. Rxd3 Qh1+ 40. Ke2 Qc1 41. Rd4 f5 42. Qf4 Qc2+ 43. Kf3 Bf6 44. Rc4 Qd3+ 45. Kf2 Be5 46. Rc8+ 1-0

[Event "SVK-ch Seniors 50"]
[Site "Tatranske Matliare"]
[Date "2017.05.28"]
[Round "3"]
[White "Tomanek, Rafael"]
[Black "Certek, Pavel"]
[Result "0-1"]
[WhiteElo "1976"]
[BlackElo "2223"]
[PlyCount "82"]
[EventDate "2017.05.27"]
[EventType "swiss"]
[EventRounds "9"]
[EventCountry "SVK"]
[SourceTitle "EXT 2023"]
[Source "ChessBase"]
[SourceDate "2022.10.05"]
[SourceVersion "1"]
[SourceVersionDate "2022.10.05"]
[SourceQuality "1"]

1. d4 Nf6 2. Nf3 g6 3. c4 Bg7 4. Nc3 d5 5. Bg5 Ne4 6. cxd5 Nxg5 7. Nxg5 e6 8. Nf3 exd5 9. e3 0-0 10. b4 Nc6 11. Qb3 Be6 12. g3 Qd6 13. a3 Rfe8 14. Bg2 a6 15. 0-0 Rad8 16. Rac1 Ne7 17. Na4 Bc8 18. Rc3 c6 19. Rfc1 h5 20. Nc5 Nf5 21. Nd3 Qe7 22. Nfe5 Kh7 23. Re1 Nd6 24. h4 Bh6 25. a4 Rg8 26. Nf4 Rge8 27. a5 Nb5 28. Rcc1 Bxf4 29. gxf4 Kg7 30. Nf3 Bg4 31. Ng5 f6 32. Nh3 Bxh3 33. Bxh3 f5 34. Bf1 Nd6 35. Rc2 Qxh4 36. Bxa6 bxa6 37. Rxc6 Ne4 38. Qb2 Qg4+ 39. Kf1 Qf3 40. Rc7+ Kh6 41. Rc2 h4 0-1

[Event "SVK-chT2A 1617"]
[Site "Slovakia"]
[Date "2016.10.09"]
[Round "2.5"]
[White "Tomanek, Rafael"]
[Black "Jablonicky, Frantisek"]
[Result "0-1"]
[WhiteElo "1984"]
[BlackElo "2114"]
[PlyCount "51"]
[EventDate "2016.10.08"]
[EventType "team-tourn"]
[EventRounds "11"]
[EventCountry "SVK"]
[SourceTitle "CBM 175 Extra"]
[Source "ChessBase"]
[SourceDate "2016.12.12"]
[SourceVersion "1"]
[SourceVersionDate "2016.12.12"]
[SourceQuality "1"]
[WhiteTeam "Bratislava Doprastav II"]
[BlackTeam "Sered MSK"]
[WhiteTeamCountry "SVK"]
[BlackTeamCountry "SVK"]

1. d4 f5 2. Nf3 Nf6 3. g3 g6 4. Bg2 Bg7 5. 0-0 0-0 6. c4 d6 7. Nc3 Qe8 8. e3 e5 9. d5 a5 10. b3 Na6 11. Bb2 Bd7 12. Qc2 h6 13. a3 g5 14. e4 Qg6 15. Nd2 h5 16. Rae1 h4 17. exf5 Bxf5 18. Nde4 Nc5 19. Nxf6+ Rxf6 20. Ne4 Kh8 21. b4 axb4 22. axb4 Nxe4 23. Bxe4 hxg3 24. fxg3 Bxe4 25. Rxf6 Bxc2 26. Rxg6 0-1

[Event "Banska Stiavnica V4 op"]
[Site "Banska Stiavnica"]
[Date "2016.07.08"]
[Round "7"]
[White "Sepesi, Samuel"]
[Black "Tomanek, Rafael"]
[Result "1/2-1/2"]
[WhiteElo "2108"]
[BlackElo "1965"]
[PlyCount "105"]
[EventDate "2016.07.02"]
[EventType "swiss"]
[EventRounds "9"]
[EventCountry "SVK"]
[SourceTitle "CBM 173 Extra"]
[Source "ChessBase"]
[SourceDate "2016.08.29"]
[SourceVersion "1"]
[SourceVersionDate "2016.08.29"]
[SourceQuality "1"]

1. e4 c6 2. Nc3 d5 3. Nf3 Bg4 4. h3 Bxf3 5. Qxf3 e6 6. d3 Nf6 7. Bd2 Nbd7 8. g4 g6 9. Qg3 Qb8 10. f4 dxe4 11. dxe4 Qc7 12. 0-0-0 0-0-0 13. Bg2 Be7 14. Rhe1 Nb6 15. e5 Nfd5 16. Nxd5 Nxd5 17. Kb1 Rd7 18. c4 Nb4 19. Bc3 Rhd8 20. Rxd7 Qxd7 21. Qf3 Qd3+ 22. Qxd3 Rxd3 23. a3 Na6 24. Kc2 Rd7 25. b4 Nc7 26. Be4 Rd8 27. f5 exf5 28. gxf5 Bh4 29. Rf1 a6 30. fxg6 fxg6 31. Bf3 Ne6 32. Bg4 Re8 33. a4 h5 34. Be2 Rf8 35. Rxf8+ Nxf8 36. Bd3 Kd7 37. b5 c5 38. Be4 axb5 39. cxb5 b6 40. a5 bxa5 41. b6 Bg3 42. b7 Kc7 43. Bxa5+ Kb8 44. Bc3 g5 45. Kd3 g4 46. hxg4 hxg4 47. Bd5 Ng6 48. Ke4 Ne7 49. e6 Bd6 50. Be5 Bxe5 51. Kxe5 c4 52. Kd4 c3 53. Be4 1/2-1/2

[Event "Banska Stiavnica V4 op"]
[Site "Banska Stiavnica"]
[Date "2016.07.02"]
[Round "1"]
[White "Nagy, Gabor"]
[Black "Tomanek, Rafael"]
[Result "1/2-1/2"]
[WhiteElo "2439"]
[BlackElo "1965"]
[PlyCount "91"]
[EventDate "2016.07.02"]
[EventType "swiss"]
[EventRounds "9"]
[EventCountry "SVK"]
[SourceTitle "CBM 173 Extra"]
[Source "ChessBase"]
[SourceDate "2016.08.29"]
[SourceVersion "1"]
[SourceVersionDate "2016.08.29"]
[SourceQuality "1"]

1. e4 c6 2. d4 d5 3. Nc3 dxe4 4. Nxe4 Nd7 5. Ng5 Ngf6 6. Bd3 e6 7. N1f3 Bd6 8. Qe2 h6 9. Ne4 Nxe4 10. Qxe4 Nf6 11. Qe2 Qc7 12. 0-0 0-0 13. b3 b6 14. Bb2 Bb7 15. c4 Rad8 16. Rad1 Rfe8 17. Rfe1 c5 18. dxc5 Qxc5 19. Ne5 Re7 20. Bb1 Qc7 21. h3 Ree8 22. Ng4 Nxg4 23. Qxg4 Bf8 24. Bf6 Rxd1 25. Rxd1 Kh8 26. Bh4 Qc6 27. f3 Bc8 28. Bg3 Qc5+ 29. Bf2 Qg5 30. Qe4 f5 31. f4 Qh5 32. Qd3 Re7 33. Qc2 Rd7 34. Rxd7 Bxd7 35. Qd2 Qe8 36. a4 Bc6 37. Bc2 Qd7 38. Qe2 Bc5 39. Bxc5 bxc5 40. Qe3 Qd6 41. a5 Bb7 42. Bd3 Kg8 43. Kf2 Kf8 44. g3 Kf7 45. Ke2 Qc7 46. Qd2 1/2-1/2

[Event "SVK-ch Seniors-A"]
[Site "Tatranske Matliare"]
[Date "2016.06.09"]
[Round "6"]
[White "Tomanek, Rafael"]
[Black "Krnan, Bronislav"]
[Result "1-0"]
[WhiteElo "1930"]
[BlackElo "1874"]
[PlyCount "95"]
[EventDate "2016.06.05"]
[EventType "swiss"]
[EventRounds "9"]
[EventCountry "SVK"]
[SourceTitle "EXT 2023"]
[Source "ChessBase"]
[SourceDate "2022.10.05"]
[SourceVersion "1"]
[SourceVersionDate "2022.10.05"]
[SourceQuality "1"]

1. d4 d5 2. Nf3 Nf6 3. c4 e6 4. Nc3 c6 5. Bf4 Bd6 6. Bg3 Bxg3 7. hxg3 h6 8. e3 Qa5 9. Bd3 dxc4 10. Bxc4 b5 11. Bb3 Nbd7 12. Qd2 Bb7 13. Ne4 Qxd2+ 14. Nfxd2 Ke7 15. 0-0 Nxe4 16. Nxe4 f5 17. Nc5 Nxc5 18. dxc5 Rad8 19. Rfd1 e5 20. Rxd8 Rxd8 21. Rd1 Rxd1+ 22. Bxd1 a5 23. f4 e4 24. g4 g6 25. gxf5 gxf5 26. Kf2 Bc8 27. a3 Be6 28. Ke1 Kf6 29. Kd2 Bd7 30. Kc3 Be6 31. Kd4 Bd7 32. Bh5 Be6 33. Be8 Bd5 34. Bd7 b4 35. axb4 axb4 36. g3 b3 37. Bc8 Bf7 38. Ba6 Bh5 39. Bc4 Bd1 40. Ba6 Bh5 41. Kc3 Bf7 42. Be2 Be6 43. Bh5 Ke7 44. Bd1 Kf6 45. Bxb3 Bd7 46. Kb4 Kg6 47. Ka5 Kh5 48. Bd1+ 1-0

[Event "SVK-ch Seniors-A"]
[Site "Tatranske Matliare"]
[Date "2016.06.08"]
[Round "5"]
[White "Demeter, Peter"]
[Black "Tomanek, Rafael"]
[Result "1-0"]
[WhiteElo "2196"]
[BlackElo "1930"]
[PlyCount "65"]
[EventDate "2016.06.05"]
[EventType "swiss"]
[EventRounds "9"]
[EventCountry "SVK"]
[SourceTitle "EXT 2023"]
[Source "ChessBase"]
[SourceDate "2022.10.05"]
[SourceVersion "1"]
[SourceVersionDate "2022.10.05"]
[SourceQuality "1"]

1. c4 c6 2. Nf3 d5 3. cxd5 cxd5 4. g3 Nc6 5. Bg2 Nf6 6. 0-0 Bf5 7. d3 e6 8. Qa4 Qd7 9. Nc3 Be7 10. e4 Bg4 11. exd5 exd5 12. Nd4 0-0 13. Nxc6 bxc6 14. Bf4 Bd6 15. Bxd6 Qxd6 16. d4 Rfb8 17. f3 Bf5 18. Rf2 Rb4 19. Qd1 Re8 20. Re2 Rxe2 21. Qxe2 Rxd4 22. Qf2 Rb4 23. Qxa7 Rxb2 24. a4 h6 25. Qd4 c5 26. Qf4 Qxf4 27. gxf4 Rc2 28. Nd1 d4 29. a5 Be6 30. a6 Bd5 31. Bh3 Bxf3 32. a7 Kh7 33. Bf5+ 1-0